000 00294nam a22001337a 4500
008 170725b xxu||||| |||| 00| 0 eng d
020 _a9780619056698
041 _aeng
080 _a004
100 _a29
101 _aSHK
245 _aMICROSOFT WORD 2002 MOUS
_cPINARD,K.T
942 _2udc
_cBK
999 _c21891
_d21891